000 00662nam a22002057a 4500
005 20151214103100.0
008 111118s2013 nyua 001 0 eng
020 _a9780078029288
080 _a658
100 1 _aGamble, John
_q(John E.)
245 1 0 _aEssentials of strategic management :
_cJohn E. Gamble, Arthur A. Thompson, Jr., Margaret A. Peteraf.
250 _a3rd ed.
260 _aNew York, NY :
_bMcGraw-Hill/Irwin,
_c2013.
300 _a519 f. :
_bme il.;
_c26 cm.
505 0 _aIndex: f. 501 - 519
650 0 _aOrganizimi
650 0 _aBiznes Plani
700 1 _aThompson, Arthur A.,
_d1940-
942 _2udc
_cBK
999 _c765
_d765